[Event "2. Bundesliga Mitte 2013/2014"]
[Site "Gleisdorf"]
[Date "2013.11.17"]
[Round "5"]
[Board "2"]
[White "Karner, Christoph"]
[Black "Jeric, Simon"]
[Result "1-0"]
[WhiteElo "2343"]
[BlackElo "2268"]
[PlyCount "107"]
[EventDate "2013.10.04"]
[EventType "team"]
[EventRounds "11"]
[EventCountry "AUT"]
[WhiteTeam "ESV Austria Graz"]
[BlackTeam "SV Raika Rapid Feffernitz II"]

1. d4 d5 2. c4 c6 3. Nf3 Nf6 4. Nc3 dxc4 5. a4 Bf5 6. Nh4 Bg4 7. h3 Bh5 8. g4
Bg6 9. Nxg6 hxg6 10. e3 Nbd7 11. Bxc4 e6 12. a5 a6 13. g5 Nd5 14. e4 Nc7 15.
Be3 Nb5 16. Qb3 Be7 17. f4 Qc7 18. h4 O-O-O 19. Bxb5 cxb5 20. Nxb5 axb5 21. Rc1
Nc5 22. Qxb5 Qc6 23. Qxc6+ bxc6 24. dxc5 Kb7 25. Ke2 Ka6 26. b4 Kb5 27. Ra1 Ra8
28. Kd3 f6 29. Kc3 e5 30. fxe5 fxe5 31. Raf1 Raf8 32. Rxf8 Rxf8 33. Rd1 Rf3 34.
Rd3 Rh3 35. Bd2 Rxd3+ 36. Kxd3 Bd8 37. Bc3 Bc7 38. Ke3 Bb8 39. Kd3 Bc7 40. Be1
Bb8 41. Bg3 Bc7 42. Ke2 Bb8 43. Kf3 Kxb4 44. a6 Ba7 45. Bxe5 Kb5 46. Bd6 Kxa6
47. e5 Kb7 48. e6 Kc8 49. e7 Kd7 50. Ke4 Ke8 51. Kd4 Kd7 52. Kc4 Ke8 53. Kb4
Kd7 54. Ka5 1-0

[Event "2. Bundesliga Mitte 2013/2014"]
[Site "Gleisdorf"]
[Date "2013.11.17"]
[Round "5"]
[Board "3"]
[White "Tschohl, Christof"]
[Black "Kotz, Heinz Peter"]
[Result "1/2-1/2"]
[WhiteElo "2146"]
[BlackElo "2339"]
[PlyCount "74"]
[EventDate "2013.10.04"]
[EventType "team"]
[EventRounds "11"]
[EventCountry "AUT"]
[WhiteTeam "SV Raika Rapid Feffernitz II"]
[BlackTeam "ESV Austria Graz"]

1. e4 e5 2. Nf3 Nc6 3. Bc4 Nf6 4. d3 Bc5 5. c3 a6 6. Bb3 Ba7 7. O-O d6 8. Nbd2
O-O 9. Re1 Ne7 10. h3 Ng6 11. Nf1 Nh5 12. d4 Nhf4 13. Kh2 Qf6 14. Be3 Rd8 15.
Ng3 h6 16. Bc2 Be6 17. Nf5 Ne7 18. Bxf4 exf4 19. e5 dxe5 20. Nxe7+ Qxe7 21.
Rxe5 Qf6 22. Qe1 c6 23. Bb3 Re8 24. Bxe6 Rxe6 25. Rxe6 Qxe6 26. Qxe6 fxe6 27.
Re1 Re8 28. h4 Bb8 29. h5 Kf7 30. Kh3 Bd6 31. Kg4 e5 32. Nxe5+ Bxe5 33. dxe5
Ke6 34. Re4 Rd8 35. Re2 Rf8 36. Re4 Rf5 37. Kh4 b5 1/2-1/2

[Event "2. Bundesliga Mitte 2013/2014"]
[Site "Gleisdorf"]
[Date "2013.11.17"]
[Round "5"]
[Board "4"]
[White "Ebner, Hubert"]
[Black "Pacher, Simon"]
[Result "1-0"]
[WhiteElo "2244"]
[BlackElo "2044"]
[PlyCount "78"]
[EventDate "2013.10.04"]
[EventType "team"]
[EventRounds "11"]
[EventCountry "AUT"]
[WhiteTeam "ESV Austria Graz"]
[BlackTeam "SV Raika Rapid Feffernitz II"]

1. Nf3 Nf6 2. c4 b6 3. g3 c5 4. Bg2 Bb7 5. O-O e6 6. d4 cxd4 7. Qxd4 Nc6 8. Qf4
d5 9. Nc3 Bd6 10. Qh4 Ne7 11. Bg5 Nf5 12. Bxf6 gxf6 13. Qh5 d4 14. Nb5 Bc5 15.
Nfxd4 Bxg2 16. Nxe6 Qc8 17. Kxg2 Qc6+ 18. Kh3 Ke7 19. Nec7 Ng7 20. Qh6 Ne6 21.
Nd5+ Kd7 22. Qxf6 Rhe8 23. Qxf7+ Kc8 24. Kg2 Kb8 25. Rad1 a6 26. Nbc3 Ra7 27.
Qf6 Rf8 28. Qe5+ Kc8 29. b4 Bxb4 30. Ne4 Bc5 31. Rb1 Re8 32. Qh5 Nf4+ 33. gxf4
Rxe4 34. Qf5+ Re6 35. Rb3 Rd7 36. e4 Kb7 37. Rfb1 Rg7+ 38. Rg3 Reg6 39. Qe5 b5
 1-0

[Event "2. Bundesliga Mitte 2013/2014"]
[Site "Gleisdorf"]
[Date "2013.11.17"]
[Round "5"]
[Board "6"]
[White "Aschenbrenner, Robert"]
[Black "Koefeler, Christian"]
[Result "1-0"]
[WhiteElo "2279"]
[BlackElo "2007"]
[PlyCount "55"]
[EventDate "2013.10.04"]
[EventType "team"]
[EventRounds "11"]
[EventCountry "AUT"]
[WhiteTeam "ESV Austria Graz"]
[BlackTeam "SV Raika Rapid Feffernitz II"]

{596MB, Fritz12.ctg, amtmannfranz-PC} 1. c4 e5 2. Nc3 d6 3. g3 f5 4. Bg2 Nf6 5.
d3 Be7 6. Nf3 O-O 7. O-O c6 8. Rb1 Na6 9. b4 Qe8 10. b5 Nc7 11. bxc6 bxc6 12.
Qa4 Ne6 13. Ng5 Nd8 14. Qa5 h6 15. Nf3 Nb7 16. Qa4 Nc5 17. Qc2 e4 18. Nd4 d5
19. cxd5 cxd5 20. Ncb5 Na6 21. Bf4 Bd7 22. Nd6 Bxd6 23. Bxd6 Ba4 24. Qd2 Qd7
25. Bxf8 Rxf8 26. Qa5 Nb8 27. Rfc1 Bc6 28. Rxb8 1-0

[Event "2. Bundesliga Mitte 2013/2014"]
[Site "Gleisdorf"]
[Date "2013.11.17"]
[Round "5"]
[Board "3"]
[White "Radnetter, Georg"]
[Black "Pesorda, Ivan"]
[Result "0-1"]
[WhiteElo "2257"]
[BlackElo "2246"]
[PlyCount "102"]
[EventDate "2013.10.04"]
[EventType "team"]
[EventRounds "11"]
[EventCountry "AUT"]
[WhiteTeam "SK Sparkasse Fuerstenfeld"]
[BlackTeam "Strassenbahn Graz"]

1. Nf3 d5 2. d4 Nf6 3. c4 c6 4. e3 a6 5. a4 e6 6. Bd3 dxc4 7. Bxc4 c5 8. O-O
Nc6 9. dxc5 Qxd1 10. Rxd1 Bxc5 11. b3 b6 12. Ba3 Nb4 13. Nc3 Be7 14. Na2 Nxa2
15. Bxe7 Kxe7 16. Rxa2 Bb7 17. Rad2 Rhd8 18. Ne5 Rxd2 19. Rxd2 Rc8 20. f3 Rc7
21. Kf2 Nd7 22. Nxd7 Rxd7 23. Ke2 Rxd2+ 24. Kxd2 a5 25. Kc3 Kd6 26. Bd3 h6 27.
Bb5 Kc5 28. Be8 f6 29. Bd7 e5 30. Bb5 f5 31. Bd7 f4 32. exf4 exf4 33. Bb5 g5
34. h3 Bd5 35. Be8 Be6 36. Bb5 Bc8 37. Bc4 Bd7 38. Bd3 Kd5 39. Be4+ Kc5 40. Bd3
Be8 41. Bc4 b5 42. axb5 Bxb5 43. Bxb5 Kxb5 44. Kc2 Kc6 45. Kb2 Kd5 46. Kc3 Kc5
47. Kd3 Kb4 48. Kc2 Ka3 49. Kc3 Ka2 50. Kc2 h5 51. Kc3 Kb1 0-1

[Event "2. Bundesliga Mitte 2013/2014"]
[Site "Gleisdorf"]
[Date "2013.11.17"]
[Round "5"]
[Board "6"]
[White "Kainz, Josef"]
[Black "Posch, Siegfried"]
[Result "1-0"]
[WhiteElo "1961"]
[BlackElo "2028"]
[PlyCount "73"]
[EventDate "2013.10.04"]
[EventType "team"]
[EventRounds "11"]
[EventCountry "AUT"]
[WhiteTeam "Strassenbahn Graz"]
[BlackTeam "SK Sparkasse Fuerstenfeld"]

1. d4 d5 2. c4 c6 3. Nf3 Nf6 4. cxd5 cxd5 5. Bf4 Nc6 6. e3 g6 7. Nc3 a6 8. Ne5
Bd7 9. Bd3 Bg7 10. Qf3 e6 11. Bg5 h6 12. Bf4 g5 13. Bg3 h5 14. h4 g4 15. Qe2
Ne7 16. f3 Nf5 17. Bf4 Bh6 18. Bxf5 exf5 19. Bg5 Be6 20. O-O-O Rc8 21. Kb1 Bg7
22. e4 Qa5 23. Bxf6 Bxf6 24. exd5 Rxc3 25. bxc3 Qb6+ 26. Ka1 Bxd5 27. Ng6+ Qe6
28. Qxe6+ fxe6 29. Nxh8 gxf3 30. gxf3 Bxh8 31. Rh3 Bf6 32. Kb2 b5 33. a3 a5 34.
Rg1 Kf7 35. f4 b4 36. axb4 axb4 37. Rg5 1-0

[Event "2. Bundesliga Mitte 2013/2014"]
[Site "Gleisdorf"]
[Date "2013.11.17"]
[Round "5"]
[Board "1"]
[White "Horvath, Adam"]
[Black "Pilaj, Herwig"]
[Result "1-0"]
[WhiteElo "2528"]
[BlackElo "2376"]
[PlyCount "79"]
[EventDate "2013.10.04"]
[EventType "team"]
[EventRounds "11"]
[EventCountry "AUT"]
[WhiteTeam "RbEJ Gleisdorf"]
[BlackTeam "Union Styria Graz"]

1. e4 c5 2. Nf3 Nc6 3. d4 cxd4 4. Nxd4 g6 5. c4 Bg7 6. Be3 Nf6 7. Nc3 d6 8. Be2
O-O 9. O-O Nxd4 10. Bxd4 Bd7 11. Qd2 Bc6 12. f3 a5 13. b3 Nd7 14. Be3 Nc5 15.
Rac1 b6 16. Rfd1 Ra7 17. Bf1 Be5 18. Bg5 Re8 19. Kh1 Rd7 20. Rb1 Ne6 21. Be3
Nc5 22. Bg5 Ne6 23. Bh4 Nc5 24. Nd5 Bg7 25. a3 Ra7 26. Qe3 Bxd5 27. exd5 Bf6
28. Bf2 e5 29. dxe6 Rxe6 30. Qd2 Bg5 31. Qd5 Be3 32. Bg3 Qf6 33. Qc6 h5 34. b4
axb4 35. axb4 Na4 36. Rxd6 Nc3 37. Re1 Rxd6 38. Bxd6 Qh4 39. Qe8+ Kh7 40. Qxe3
 1-0

[Event "2. Bundesliga Mitte 2013/2014"]
[Site "Gleisdorf"]
[Date "2013.11.17"]
[Round "5"]
[Board "2"]
[White "Wertjanz, David"]
[Black "Huber, Martin Christian"]
[Result "1-0"]
[WhiteElo "2281"]
[BlackElo "2283"]
[PlyCount "75"]
[EventDate "2013.10.04"]
[EventType "team"]
[EventRounds "11"]
[EventCountry "AUT"]
[WhiteTeam "Union Styria Graz"]
[BlackTeam "RbEJ Gleisdorf"]

1. e4 c5 2. Nf3 e6 3. d4 cxd4 4. Nxd4 Nc6 5. Nb5 d6 6. c4 Nf6 7. N5c3 Be7 8. g3
b6 9. Bg2 Bb7 10. O-O O-O 11. b3 a6 12. Bb2 Qc7 13. Na3 Rad8 14. Qe2 Rfe8 15.
Nc2 d5 16. cxd5 exd5 17. Nxd5 Nxd5 18. exd5 Bc5 19. Qd2 Ne5 20. Rad1 Qd7 21.
Kh1 Qf5 22. b4 Nc4 23. Qc3 Nxb2 24. Qxb2 Be7 25. Ne3 Qh5 26. f4 b5 27. Rfe1
Bxb4 28. g4 Rxe3 29. Rxe3 Qxg4 30. Rf1 Bf8 31. Qd4 Qd7 32. Rd1 Qd6 33. f5 Be7
34. Rde1 Bf8 35. Re8 Rd7 36. f6 g6 37. Qe5 Qc5 38. Qe7 1-0

[Event "2. Bundesliga Mitte 2013/2014"]
[Site "Gleisdorf"]
[Date "2013.11.17"]
[Round "5"]
[Board "3"]
[White "Frosch, Erich"]
[Black "Manhardt, Thomas"]
[Result "1-0"]
[WhiteElo "2229"]
[BlackElo "2226"]
[PlyCount "103"]
[EventDate "2013.10.04"]
[EventType "team"]
[EventRounds "11"]
[EventCountry "AUT"]
[WhiteTeam "RbEJ Gleisdorf"]
[BlackTeam "Union Styria Graz"]

1. d4 f5 2. g3 Nf6 3. Bg2 g6 4. h4 Bg7 5. Nh3 d6 6. Nf4 e5 7. dxe5 dxe5 8.
Qxd8+ Kxd8 9. Nd5 c6 10. Nxf6 Bxf6 11. Bg5 Ke7 12. Nc3 Be6 13. O-O-O Na6 14. a3
h6 15. Be3 e4 16. g4 b6 17. h5 Bxc3 18. bxc3 g5 19. gxf5 Bxf5 20. f3 exf3 21.
exf3 Nc7 22. f4 Ne6 23. fxg5 hxg5 24. Rdf1 Rhf8 25. h6 Bh7 26. c4 Rxf1+ 27.
Rxf1 Rf8 28. Rxf8 Kxf8 29. Bxc6 Ke7 30. Bd5 Nf4 31. Bf3 Kf6 32. c5 bxc5 33.
Bxc5 a6 34. Kd2 Kg6 35. a4 Kxh6 36. Bb7 a5 37. Bb6 Bf5 38. Bc6 Ne6 39. c3 g4
40. Bxa5 Nc5 41. Bb6 Bd7 42. Bxd7 Nxd7 43. a5 Kg6 44. Bf2 Nb8 45. Kd3 Kf5 46.
Bg3 Nd7 47. Kd4 Ke6 48. a6 Nb6 49. Kc5 Na4+ 50. Kc6 Nxc3 51. a7 Ne4 52. Be1 1-0

[Event "2. Bundesliga Mitte 2013/2014"]
[Site "Gleisdorf"]
[Date "2013.11.17"]
[Round "5"]
[Board "4"]
[White "Pirker, Christian"]
[Black "Wegerer, Fred"]
[Result "0-1"]
[WhiteElo "2197"]
[BlackElo "2157"]
[PlyCount "96"]
[EventDate "2013.10.04"]
[EventType "team"]
[EventRounds "11"]
[EventCountry "AUT"]
[WhiteTeam "Union Styria Graz"]
[BlackTeam "RbEJ Gleisdorf"]

{596MB, Fritz12.ctg, amtmannfranz-PC} 1. e4 {[%emt 0:00:00]} c6 2. d4 d5 3. Nd2
g6 4. Ngf3 Bg7 5. c3 Nh6 6. Bd3 O-O 7. O-O a5 8. a4 Na6 9. Qe2 Nc7 10. Rd1 b6
11. exd5 cxd5 12. Nf1 e6 13. h3 f6 14. h4 Nf7 15. h5 g5 16. Qc2 f5 17. g4 h6
18. Re1 Ra7 19. N1h2 f4 20. b3 Ne8 21. Ba3 Ned6 22. Ne5 Nxe5 23. dxe5 Nf7 24.
Bxf8 Qxf8 25. Nf3 Rc7 26. Rac1 Bb7 27. Qe2 Qc8 28. c4 Rc5 29. Rcd1 dxc4 30.
bxc4 Nxe5 31. Be4 Ba6 32. Nxe5 Bxe5 33. Bb1 Bxc4 34. Qe4 Bg7 35. Rd6 Kf8 36.
Rxb6 Re5 37. Rc6 Qd7 38. Qxc4 Rxe1+ 39. Kh2 Be5 40. Rxe6 Qxe6 41. Qxe6 f3+ 42.
Qxe5 Rxe5 43. Kg3 Re1 44. Bc2 Rc1 45. Bb3 Rc3 46. Bd1 Ra3 47. Bxf3 Ke7 48. Kg2
Rxa4 0-1

[Event "2. Bundesliga Mitte 2013/2014"]
[Site "Gleisdorf"]
[Date "2013.11.17"]
[Round "5"]
[Board "5"]
[White "Watzka, Horst"]
[Black "Rohler, Siegfried"]
[Result "1/2-1/2"]
[WhiteElo "2250"]
[BlackElo "2175"]
[PlyCount "47"]
[EventDate "2013.10.04"]
[EventType "team"]
[EventRounds "11"]
[EventCountry "AUT"]
[WhiteTeam "RbEJ Gleisdorf"]
[BlackTeam "Union Styria Graz"]

1. e4 c6 2. d4 d5 3. Nc3 dxe4 4. Nxe4 Bf5 5. Ng3 Bg6 6. Nf3 Nd7 7. h4 h6 8. h5
Bh7 9. Bd3 Bxd3 10. Qxd3 e6 11. Bf4 Qa5+ 12. Bd2 Qc7 13. Qe2 O-O-O 14. O-O-O
Bd6 15. Ne4 Bf4 16. g3 Bxd2+ 17. Nexd2 Ngf6 18. Ne5 Nxe5 19. dxe5 Nd5 20. f4
Qa5 21. Kb1 Qb6 22. Kc1 Qa5 23. Kb1 Qb6 24. Kc1 1/2-1/2

[Event "2. Bundesliga Mitte 2013/2014"]
[Site "St. Veit/Glan"]
[Date "2014.03.21"]
[Round "6"]
[Board "1"]
[White "Flumbort, Andras"]
[Black "Freitag, Manfred"]
[Result "1-0"]
[WhiteElo "2470"]
[BlackElo "2382"]
[PlyCount "81"]
[EventDate "2013.10.04"]
[EventType "team"]
[EventRounds "11"]
[EventCountry "AUT"]
[WhiteTeam "ASK St. Valentin"]
[BlackTeam "ESV Austria Graz"]

1. d4 d5 2. c4 c6 3. Nf3 Nf6 4. Nc3 e6 5. e3 Nbd7 6. Bd3 Bd6 7. e4 Nxe4 8. Nxe4
dxe4 9. Bxe4 Nf6 10. Bc2 O-O 11. O-O b6 12. Qd3 Bb7 13. Bg5 g6 14. Rad1 Be7 15.
Rfe1 Re8 16. Ne5 Nd7 17. Bf4 Nxe5 18. Bxe5 Bf6 19. Qg3 Qe7 20. Bd6 Bh4 21. Qa3
Qd7 22. Be5 Qe7 23. c5 Bf6 24. Bd6 Qd8 25. Be4 Bg7 26. Qf3 Qd7 27. a4 Rac8 28.
b4 a5 29. bxa5 bxa5 30. Qc3 Ra8 31. Rb1 Ra6 32. Rb3 Rea8 33. Reb1 Bc8 34. Rb6
Rxb6 35. Rxb6 Ra6 36. Rxa6 Bxa6 37. Qxa5 f5 38. Bf3 Qb7 39. h3 Kf7 40. Qd8 h5
41. Be5 1-0

[Event "2. Bundesliga Mitte 2013/2014"]
[Site "St. Veit/Glan"]
[Date "2014.03.21"]
[Round "6"]
[Board "2"]
[White "Karner, Christoph"]
[Black "Sandhoefner, Florian"]
[Result "1/2-1/2"]
[WhiteElo "2343"]
[BlackElo "2271"]
[PlyCount "58"]
[EventDate "2013.10.04"]
[EventType "team"]
[EventRounds "11"]
[EventCountry "AUT"]
[WhiteTeam "ESV Austria Graz"]
[BlackTeam "ASK St. Valentin"]

1. d4 {[%emt 0:00:00]} d5 {[%emt 0:00:00]} 2. c4 {[%emt 0:00:05]} c6 {
[%emt 0:00:00]} 3. cxd5 {[%emt 0:00:27]} cxd5 {[%emt 0:00:00]} 4. Nf3 {
[%emt 0:00:07]} Nf6 {[%emt 0:00:00]} 5. Nc3 {[%emt 0:00:04]} Nc6 {
[%emt 0:00:00]} 6. Bf4 {[%emt 0:00:07]} Bf5 {[%emt 0:00:00]} 7. e3 {
[%emt 0:00:00]} e6 {[%emt 0:00:04]} 8. Qb3 {[%emt 0:00:00]} Bb4 {[%emt 0:00:00]
} 9. Bb5 {[%emt 0:00:10]} O-O {[%emt 0:00:00]} 10. O-O {[%emt 0:00:03]} Bd6 {
[%emt 0:00:00]} 11. Bxc6 {[%emt 0:00:00]} bxc6 {[%emt 0:00:04]} 12. Na4 {
[%emt 0:00:04]} Rb8 {[%emt 0:00:11]} 13. Qc3 {[%emt 0:00:08]} Bxf4 {
[%emt 0:00:00]} 14. exf4 {[%emt 0:00:04]} Qd6 15. Ne5 Rfc8 16. Rfc1 Rc7 17. Nc5
Ne4 18. Qa3 Nxc5 19. dxc5 Qe7 20. b3 f6 21. Nf3 Be4 22. Nd2 Bg6 23. Re1 Rb5 24.
Rac1 Rcb7 25. Nf3 Rb4 26. Qa6 Rc7 27. Qa5 Rcb7 28. Qa6 Rc7 29. Qa5 Rcb7 1/2-1/2

[Event "2. Bundesliga Mitte 2013/2014"]
[Site "St. Veit/Glan"]
[Date "2014.03.21"]
[Round "6"]
[Board "3"]
[White "Kranzl, Peter"]
[Black "Kotz, Heinz Peter"]
[Result "1/2-1/2"]
[WhiteElo "2225"]
[BlackElo "2339"]
[PlyCount "59"]
[EventDate "2013.10.04"]
[EventType "team"]
[EventRounds "11"]
[EventCountry "AUT"]
[WhiteTeam "ASK St. Valentin"]
[BlackTeam "ESV Austria Graz"]

1. g3 g6 2. Bg2 Bg7 3. d4 Nf6 4. e4 d6 5. Nc3 O-O 6. h3 e5 7. Nge2 Nc6 8. Be3
exd4 9. Nxd4 Bd7 10. O-O Re8 11. Re1 a6 12. a4 Qc8 13. Kh2 Re5 14. f4 Rh5 15.
f5 Nxd4 16. Bxd4 Ng4+ 17. Kg1 Bxd4+ 18. Qxd4 Ne5 19. Nd5 Qd8 20. fxg6 hxg6 21.
Rf1 Kg7 22. g4 Rh8 23. Rf2 Be6 24. Nf4 Qe7 25. b3 f6 26. a5 Raf8 27. c4 Rf7 28.
Qc3 Rhf8 29. Raf1 Kh7 30. Qg3 1/2-1/2

[Event "2. Bundesliga Mitte 2013/2014"]
[Site "St. Veit/Glan"]
[Date "2014.03.21"]
[Round "6"]
[Board "4"]
[White "Fahrner, Kurt"]
[Black "Theuretzbacher, Klaus"]
[Result "0-1"]
[WhiteElo "2294"]
[BlackElo "2265"]
[PlyCount "64"]
[EventDate "2013.10.04"]
[EventType "team"]
[EventRounds "11"]
[EventCountry "AUT"]
[WhiteTeam "ESV Austria Graz"]
[BlackTeam "ASK St. Valentin"]

1. d4 Nf6 2. Nf3 c5 3. c3 e6 4. Bf4 b6 5. e3 Be7 6. h3 O-O 7. Nbd2 Ba6 8. Bxa6
Nxa6 9. O-O Qc8 10. Qe2 d5 11. Ne5 Qb7 12. Qb5 Bd6 13. Nb3 Rab8 14. Nd7 Bxf4
15. Nxf6+ gxf6 16. exf4 c4 17. Nc1 Nc7 18. Qa4 b5 19. Qd1 f5 20. Qh5 Ne8 21.
Ne2 Kh8 22. a3 Qe7 23. Rfe1 Nd6 24. Ng3 Qf6 25. Qe2 Ne4 26. Nf1 Qg7 27. Nh2 Rg8
28. g3 Qh6 29. Kg2 Qxf4 30. Rg1 Rg7 31. Kh1 Nxf2+ 32. Kg2 Qxg3+ 0-1

[Event "2. Bundesliga Mitte 2013/2014"]
[Site "St. Veit/Glan"]
[Date "2014.03.21"]
[Round "6"]
[Board "5"]
[White "Tober, Gerhard"]
[Black "Spindelboeck, Gernot"]
[Result "1-0"]
[WhiteElo "2284"]
[BlackElo "2252"]
[PlyCount "59"]
[EventDate "2013.10.04"]
[EventType "team"]
[EventRounds "11"]
[EventCountry "AUT"]
[WhiteTeam "ASK St. Valentin"]
[BlackTeam "ESV Austria Graz"]

1. e4 e6 2. d4 d5 3. Nc3 Nf6 4. Bg5 Bb4 5. exd5 Qxd5 6. Nf3 Bxc3+ 7. bxc3 Ne4
8. Bd2 Nxd2 9. Qxd2 b6 10. Bd3 Bb7 11. O-O Nd7 12. Rfe1 Qd6 13. Ne5 Nxe5 14.
Rxe5 O-O-O 15. Qe3 Qa3 16. Bc4 Qb2 17. Rc1 h5 18. Rb5 Qa3 19. Rcb1 h4 20. h3
Rh6 21. Rg5 g6 22. Rg4 Rh5 23. Bb3 Qd6 24. c4 c5 25. c3 Rdh8 26. Rd1 Rf5 27.
Bc2 Rf6 28. Qg5 Qe7 29. Rf4 e5 30. Qxf6 1-0

[Event "2. Bundesliga Mitte 2013/2014"]
[Site "St. Veit/Glan"]
[Date "2014.03.21"]
[Round "6"]
[Board "6"]
[White "Aschenbrenner, Robert"]
[Black "Heimberger, Reinhard"]
[Result "1/2-1/2"]
[WhiteElo "2279"]
[BlackElo "2303"]
[PlyCount "68"]
[EventDate "2013.10.04"]
[EventType "team"]
[EventRounds "11"]
[EventCountry "AUT"]
[WhiteTeam "ESV Austria Graz"]
[BlackTeam "ASK St. Valentin"]

1. e4 {[%emt 0:00:00]} c5 {[%emt 0:00:00]} 2. Nf3 d6 3. d4 cxd4 4. Nxd4 Nf6 5.
Nc3 e6 6. g4 h6 7. Rg1 a6 8. h4 d5 9. exd5 Nxd5 10. Nxd5 exd5 11. g5 Qe7+ 12.
Qe2 hxg5 13. hxg5 Qxe2+ 14. Bxe2 Nc6 15. Be3 Nxd4 16. Bxd4 Bf5 17. O-O-O Rh4
18. c3 O-O-O 19. Bd3 Be4 20. Bxe4 dxe4 21. Be3 Bd6 22. Rh1 Rxh1 23. Rxh1 f5 24.
gxf6 gxf6 25. Rh5 Be5 26. Rh7 Rd7 27. Rh8+ Kc7 28. Rf8 Kd6 29. Kc2 Ke6 30. a4
f5 31. Re8+ Re7 32. Rf8 Rf7 33. Re8+ Kd6 34. Bc5+ Kxc5 1/2-1/2

[Event "2. Bundesliga Mitte 2013/2014"]
[Site "St. Veit/Glan"]
[Date "2014.03.21"]
[Round "6"]
[Board "1"]
[White "Mayerhofer, Peter"]
[Black "Horvath, Adam"]
[Result "0-1"]
[WhiteElo "2202"]
[BlackElo "2528"]
[PlyCount "54"]
[EventDate "2013.10.04"]
[EventType "team"]
[EventRounds "11"]
[EventCountry "AUT"]
[WhiteTeam "SPG Freistadt/Wartberg"]
[BlackTeam "RbEJ Gleisdorf"]

1. e4 c5 2. Nf3 e6 3. d4 cxd4 4. c3 dxc3 5. Nxc3 Nc6 6. Bc4 a6 7. O-O Nge7 8.
Bg5 h6 9. Be3 b5 10. Bb3 Bb7 11. Qe2 Rc8 12. Rad1 d6 13. Rd2 Ng6 14. Rfd1 Na5
15. Nd4 Nxb3 16. axb3 Be7 17. Qh5 O-O 18. Nxe6 fxe6 19. Qxg6 Rf6 20. Qh5 b4 21.
Na4 Bxe4 22. f3 Bc2 23. Bb6 Qf8 24. Ra1 Bxb3 25. Qg4 Rf4 26. Qg6 Rf5 27. Ba5
Rxa5 0-1

[Event "2. Bundesliga Mitte 2013/2014"]
[Site "St. Veit/Glan"]
[Date "2014.03.21"]
[Round "6"]
[Board "2"]
[White "Huber, Martin Christian"]
[Black "Traunwieser, Georg"]
[Result "1-0"]
[WhiteElo "2283"]
[BlackElo "2121"]
[PlyCount "54"]
[EventDate "2013.10.04"]
[EventType "team"]
[EventRounds "11"]
[EventCountry "AUT"]
[WhiteTeam "RbEJ Gleisdorf"]
[BlackTeam "SPG Freistadt/Wartberg"]

1. Nf3 Nf6 2. c4 e6 3. Nc3 b6 4. g3 Bb7 5. Bg2 d5 6. cxd5 exd5 7. d4 Be7 8. O-O
O-O 9. Bf4 Nh5 10. Be3 Nd7 11. Rc1 a6 12. Ne5 f6 13. Nxd5 fxe5 14. Nxe7+ Qxe7
15. Bxb7 Rad8 16. Rxc7 Qd6 17. Qb3+ Kh8 18. Rc6 Qe7 19. Re6 Qf7 20. dxe5 Qf5
21. Re7 Nxe5 22. Qe6 Qxe6 23. Rxe6 Nc4 24. Bxa6 Nxb2 25. Rxb6 Nd1 26. Bc5 Rfe8
27. Bb5 Re5 1-0

[Event "2. Bundesliga Mitte 2013/2014"]
[Site "St. Veit/Glan"]
[Date "2014.03.21"]
[Round "6"]
[Board "3"]
[White "Oberngruber, Thomas"]
[Black "Horvath, Tamas"]
[Result "0-1"]
[WhiteElo "2096"]
[BlackElo "2392"]
[PlyCount "50"]
[EventDate "2013.10.04"]
[EventType "team"]
[EventRounds "11"]
[EventCountry "AUT"]
[WhiteTeam "SPG Freistadt/Wartberg"]
[BlackTeam "RbEJ Gleisdorf"]

1. e4 c5 2. Nc3 Nc6 3. Nf3 e6 4. d4 cxd4 5. Nxd4 Nf6 6. Ndb5 d6 7. a4 a6 8. Na3
Be7 9. Be2 O-O 10. f4 d5 11. e5 Nd7 12. O-O f6 13. exf6 Nxf6 14. Kh1 Kh8 15.
Bd3 Bc5 16. Bd2 e5 17. fxe5 Ng4 18. Qe2 Ncxe5 19. Qe1 Rxf1+ 20. Qxf1 Qh4 21.
Bf4 Nf2+ 22. Qxf2 Qxf2 23. Rf1 Qh4 24. Nxd5 Be6 25. Nc7 Rf8 0-1

[Event "2. Bundesliga Mitte 2013/2014"]
[Site "St. Veit/Glan"]
[Date "2014.03.21"]
[Round "6"]
[Board "4"]
[White "Wegerer, Fred"]
[Black "Ly, Dominik"]
[Result "1-0"]
[WhiteElo "2157"]
[BlackElo "1851"]
[PlyCount "57"]
[EventDate "2013.10.04"]
[EventType "team"]
[EventRounds "11"]
[EventCountry "AUT"]
[WhiteTeam "RbEJ Gleisdorf"]
[BlackTeam "SPG Freistadt/Wartberg"]

1. c4 c5 2. Nc3 Nc6 3. g3 g6 4. Bg2 Bg7 5. d3 d6 6. Bg5 Nf6 7. Qc1 O-O 8. h4
Bf5 9. Nf3 Qd7 10. Bh6 Ng4 11. Bxg7 Kxg7 12. h5 Rh8 13. h6+ Kg8 14. Nd5 Nge5
15. Nxe5 Nxe5 16. Qc3 f6 17. Rd1 Kf7 18. Ne3 Be6 19. b4 Rad8 20. bxc5 dxc5 21.
O-O Ng4 22. Nxg4 Bxg4 23. Rd2 b6 24. a4 Qxa4 25. Bd5+ e6 26. Bg2 g5 27. f4 gxf4
28. Rxf4 f5 29. Qg7+ 1-0

[Event "2. Bundesliga Mitte 2013/2014"]
[Site "St. Veit/Glan"]
[Date "2014.03.21"]
[Round "6"]
[Board "5"]
[White "Birklbauer, Toni"]
[Black "Watzka, Horst"]
[Result "0-1"]
[WhiteElo "2046"]
[BlackElo "2250"]
[PlyCount "66"]
[EventDate "2013.10.04"]
[EventType "team"]
[EventRounds "11"]
[EventCountry "AUT"]
[WhiteTeam "SPG Freistadt/Wartberg"]
[BlackTeam "RbEJ Gleisdorf"]

1. d4 d6 2. e4 Nf6 3. Nc3 Nbd7 4. Nf3 e5 5. Bc4 Be7 6. h3 c6 7. a4 O-O 8. Bb3
b6 9. g4 Bb7 10. g5 Nh5 11. dxe5 dxe5 12. Nxe5 Nxe5 13. Qxh5 g6 14. Qe2 Bxg5
15. f4 Bh4+ 16. Kf1 Nd7 17. Be3 Qe7 18. Rd1 Rad8 19. Rg1 Nc5 20. Bxc5 Qxc5 21.
Rxd8 Rxd8 22. Rg2 Qe7 23. f5 Kh8 24. Qg4 Bf6 25. Qf3 Bd4 26. Bc4 Qf6 27. Rd2
Bc8 28. Ne2 gxf5 29. Nxd4 Rxd4 30. Bd3 Rd6 31. Rg2 fxe4 32. Bxe4 Qxf3+ 33. Bxf3
Bxh3 0-1

[Event "2. Bundesliga Mitte 2013/2014"]
[Site "St. Veit/Glan"]
[Date "2014.03.21"]
[Round "6"]
[Board "6"]
[White "Sandner, Wolfgang"]
[Black "Grabner, Hermann"]
[Result "1-0"]
[WhiteElo "2206"]
[BlackElo "1973"]
[PlyCount "93"]
[EventDate "2013.10.04"]
[EventType "team"]
[EventRounds "11"]
[EventCountry "AUT"]
[WhiteTeam "RbEJ Gleisdorf"]
[BlackTeam "SPG Freistadt/Wartberg"]

1. e4 e5 2. Nf3 Nc6 3. Bb5 a6 4. Ba4 Nf6 5. d3 b5 6. Bb3 Be7 7. O-O O-O 8. c3
d5 9. Qe2 Bg4 10. Bg5 dxe4 11. dxe4 Na5 12. Bc2 c6 13. Nbd2 Qc7 14. b3 Nb7 15.
h3 Bh5 16. Rfd1 Nc5 17. Nf1 Bg6 18. Ng3 Nh5 19. Nxh5 Bxh5 20. Bxe7 Qxe7 21. Qe3
Bxf3 22. Qxf3 Ne6 23. Qf5 Qc5 24. Rac1 Rad8 25. Qf3 Nf4 26. Kh2 Qe7 27. g3 Ne6
28. b4 c5 29. a3 Qc7 30. Rd5 c4 31. Rcd1 f6 32. Qg4 Kf7 33. h4 Qb6 34. R1d2 Kg8
35. Kg1 Kf7 36. Bd1 Rh8 37. h5 Rhf8 38. Bf3 Kg8 39. Bg2 Ng5 40. Qd1 Ra8 41. Rd6
Qb7 42. Rd7 Qb8 43. R2d6 Nf7 44. Qd5 Ra7 45. Bh3 Rxd7 46. Rxd7 Qe8 47. Be6 1-0